Tous les vainqueurs des compétitions européennes - Statistiques

Statistiques générales
  • Ce quiz a été pris 87 fois
  • Le résultat moyen est 32 sur 158
Statistiques - réponses
Trophée Année Vainqueur % Correct
Ligue des Champions 1956 Real Madrid
92%
Ligue des Champions 1957 Real Madrid
87%
Ligue des Champions 1958 Real Madrid
84%
Ligue des Champions 1959 Real Madrid
79%
Ligue des Champions 1960 Real Madrid
76%
Ligue des Champions 2020 Bayern Munich
58%
Ligue des Champions 2021 Chelsea FC
58%
Ligue des Champions 2022 Real Madrid
58%
Ligue des Champions 2015 FC Barcelone
55%
Ligue des Champions 2016 Real Madrid
55%
Ligue des Champions 2017 Real Madrid
55%
Ligue des Champions 2018 Real Madrid
55%
Ligue des Champions 2012 Chelsea FC
53%
Ligue des Champions 2009 FC Barcelone
53%
Ligue des Champions 2019 Liverpool FC
53%
Ligue des Champions 2014 Real Madrid
53%
Ligue des Champions 2013 Bayern Munich
50%
Ligue des Champions 1961 Benfica Lisbonne
50%
Ligue des Champions 2008 Manchester United
50%
Ligue des Champions 2011 FC Barcelone
47%
Ligue des Champions 1962 Benfica Lisbonne
45%
Ligue des Champions 2004 FC Porto
42%
Ligue des Champions 1993 Olympique de Marseille
42%
Ligue des Champions 2000 Real Madrid
42%
Ligue des Champions 2002 Real Madrid
42%
Ligue des Champions 2006 FC Barcelone
39%
Ligue des Champions 2007 AC Milan
37%
Ligue des Champions 2005 Liverpool FC
37%
Ligue des Champions 1999 Manchester United
37%
Ligue des Champions 1971 Ajax Amsterdam
34%
Ligue des Champions 1997 Borussia Dortmund
34%
Ligue des Champions 1963 AC Milan
32%
Ligue des Champions 2003 AC Milan
32%
Ligue des Champions 1972 Ajax Amsterdam
32%
Ligue des Champions 1974 Bayern Munich
32%
Ligue des Champions 1975 Bayern Munich
32%
Ligue des Champions 1976 Bayern Munich
32%
Ligue des Champions 2001 Bayern Munich
32%
Ligue des Champions 1964 Inter Milan
32%
Ligue des Champions 1965 Inter Milan
32%
Ligue des Champions 1966 Real Madrid
32%
Ligue des Champions 1998 Real Madrid
32%
Ligue des Champions 1994 AC Milan
29%
Ligue des Champions 1973 Ajax Amsterdam
29%
Ligue des Champions 1995 Ajax Amsterdam
29%
Ligue des Champions 1967 Celtic Glasgow
29%
Ligue des Champions 1977 Liverpool FC
29%
Ligue des Champions 1982 Aston Villa
26%
Ligue des Champions 1992 FC Barcelone
26%
Ligue des Champions 1996 Juventus
26%
Ligue des Champions 1978 Liverpool FC
26%
Ligue des Champions 1981 Liverpool FC
26%
Ligue des Champions 1968 Manchester United
26%
Ligue Europa Conférence 2022 AS Rome
24%
Ligue Europa 2022 Eintracht Francfort
24%
Ligue des Champions 1991 Etoile Rouge de Belgrade
24%
Ligue des Champions 1987 FC Porto
24%
Ligue des Champions 1983 Hambourg SV
24%
Ligue des Champions 1984 Liverpool FC
24%
Ligue des Champions 1979 Nottingham Forest
24%
Ligue des Champions 1980 Nottingham Forest
24%
Ligue des Champions 1969 AC Milan
21%
Ligue des Champions 1989 AC Milan
21%
Ligue des Champions 1990 AC Milan
21%
Ligue des Champions 1970 Feyenoord Rotterdam
21%
Ligue des Champions 1985 Juventus
21%
Ligue Europa 2019 Chelsea FC
18%
Ligue des Champions 1988 PSV Eindhoven
18%
Ligue Europa 2016 Séville FC
18%
Ligue Europa 2020 Séville FC
18%
Ligue des Champions 1986 Steaua Bucarest
18%
Ligue Europa 2021 Villareal CF
18%
Ligue des Champions 2010 AC Milan
16%
Ligue Europa 2017 Manchester United
16%
Ligue Europa 2014 Séville FC
16%
Ligue Europa 2015 Séville FC
13%
Ligue Europa 2010 Atlético de Madrid
11%
Coupe d'Europe des vainqueurs de coupes 1997 FC Barcelone
11%
Ligue Europa 2003 FC Porto
11%
Ligue Europa 2011 FC Porto
11%
Ligue Europa 2001 Liverpool FC
11%
Coupe d'Europe des vainqueurs de coupes 1996 Paris Saint-Germain
11%
Coupe d'Europe des vainqueurs de coupes 1961 ACF Fiorentina
8%
Coupe d'Europe des vainqueurs de coupes 1994 Arsenal
8%
Ligue Europa 2012 Atlético de Madrid
8%
Ligue Europa 2009 Chakhtar Donetsk
8%
Coupe d'Europe des vainqueurs de coupes 1998 Chelsea FC
8%
Ligue Europa 2013 Chelsea FC
8%
Coupe d'Europe des vainqueurs de coupes 1979 FC Barcelone
8%
Coupe d'Europe des vainqueurs de coupes 1982 FC Barcelone
8%
Coupe d'Europe des vainqueurs de coupes 1989 FC Barcelone
8%
Ligue Europa 2002 Feyenoord Rotterdam
8%
Coupe d'Europe des vainqueurs de coupes 1999 Lazio Rome
8%
Coupe d'Europe des vainqueurs de coupes 1993 Parme FC
8%
Ligue Europa 1999 Parme FC
8%
Ligue Europa 2006 Séville FC
8%
Coupe d'Europe des vainqueurs de coupes 1983 Aberdeen FC
5%
Coupe d'Europe des vainqueurs de coupes 1968 AC Milan
5%
Coupe d'Europe des vainqueurs de coupes 1973 AC Milan
5%
Coupe d'Europe des vainqueurs de coupes 1987 Ajax Amsterdam
5%
Coupe d'Europe des vainqueurs de coupes 1962 Atlético de Madrid
5%
Coupe d'Europe des vainqueurs de coupes 1967 Bayern Munich
5%
Coupe d'Europe des vainqueurs de coupes 1966 Borussia Dortmund
5%
Coupe d'Europe des vainqueurs de coupes 1985 Everton
5%
Coupe d'Europe des vainqueurs de coupes 1974 FC Magdebourg
5%
Coupe d'Europe des vainqueurs de coupes 1988 FC Malines
5%
Ligue Europa 2000 Galatasaray
5%
Coupe d'Europe des vainqueurs de coupes 1977 Hambourg SV
5%
Ligue Europa 1991 Inter Milan
5%
Ligue Europa 1994 Inter Milan
5%
Ligue Europa 1998 Inter Milan
5%
Ligue Europa 1977 Juventus
5%
Ligue Europa 1993 Juventus
5%
Ligue Europa 1973 Liverpool FC
5%
Ligue Europa 1976 Liverpool FC
5%
Coupe d'Europe des vainqueurs de coupes 1970 Manchester City
5%
Ligue Europa 1978 PSV Eindhoven
5%
Ligue Europa 1985 Real Madrid
5%
Ligue Europa 1986 Real Madrid
5%
Ligue Europa 2018 Real Madrid
5%
Coupe d'Europe des vainqueurs de coupes 1995 Real Saragosse
5%
Coupe d'Europe des vainqueurs de coupes 1976 RSC Anderlecht
5%
Coupe d'Europe des vainqueurs de coupes 1978 RSC Anderlecht
5%
Ligue Europa 2007 Séville FC
5%
Coupe d'Europe des vainqueurs de coupes 1969 Slovan Bratislava
5%
Coupe d'Europe des vainqueurs de coupes 1964 Sporting CP
5%
Ligue Europa 1972 Tottenham Hotspur
5%
Ligue Europa 1984 Tottenham Hotspur
5%
Ligue Europa 2004 Valence CF
5%
Coupe d'Europe des vainqueurs de coupes 1980 Valence FC
5%
Coupe d'Europe des vainqueurs de coupes 1992 Werder Brême
5%
Coupe d'Europe des vainqueurs de coupes 1965 West Ham
5%
Ligue Europa 2008 Zénith Saint-Pétersbourg
5%
Ligue Europa 1992 Ajax Amsterdam
3%
Ligue Europa 1996 Bayern Munich
3%
Ligue Europa 1975 Borussia Mönchengladbach
3%
Ligue Europa 1979 Borussia Mönchengladbach
3%
Coupe d'Europe des vainqueurs de coupes 1971 Chelsea FC
3%
Ligue Europa 2005 CSKA Moscou
3%
Coupe d'Europe des vainqueurs de coupes 1981 Dinamo Tbilissi
3%
Coupe d'Europe des vainqueurs de coupes 1975 Dynamo Kiev
3%
Coupe d'Europe des vainqueurs de coupes 1986 Dynamo Kiev
3%
Ligue Europa 1980 Eintracht Francfort
3%
Ligue Europa 1974 Feyenoord Rotterdam
3%
Coupe d'Europe des vainqueurs de coupes 1972 Glasgow Rangers
3%
Ligue Europa 1982 IFK Göteborg
3%
Ligue Europa 1987 IFK Göteborg
3%
Ligue Europa 1981 Ipswich Town
3%
Coupe d'Europe des vainqueurs de coupes 1984 Juventus
3%
Ligue Europa 1990 Juventus
3%
Coupe d'Europe des vainqueurs de coupes 1991 Manchester United
3%
Ligue Europa 1995 Parme FC
3%
Ligue Europa 1983 RSC Anderlecht
3%
Coupe d'Europe des vainqueurs de coupes 1990 Sampdoria
3%
Ligue Europa 1989 SSC Naples
3%
Coupe d'Europe des vainqueurs de coupes 1963 Tottenham Hotspur
3%
Ligue Europa 1988 Bayer 04 Leverkusen
0%
Ligue Europa 1997 Schalke 04
0%
Aucun quiz correspondant
Distribution des résultats
% des personnes avec chaque résultat
Percentile par nombre de réponses
Votre historique - résultats
Vous n’avez pas pris ce quiz